Statistics for The 2019 Hong Kong Protests Quiz

Click here to take the quiz!

General Stats

  • This quiz has been taken 65 times
  • The average score is 15 of 30

Answer Stats

Answer% Correct
The bill is proposed due to a murder case in which JetPunk recognized country?Taiwan
96%
The Chief Executive of Hong Kong at the time of proposalCarrie Lam
92%
On 21 July, which station was attacked by white-clad men, rousing suspicion of police colluding with triads?Yuen Long Station
78%
Hong Kong people, add ___Oil
76%
The legal term of handing over a fugitive to the region where the crime was committedExtradition
73%
The pro-Beijing lawmaker suspected to be behind the above assaultsJunius Ho
73%
Five demands, not one ____Less
73%
Police commissioner Stephen Lo called the protests in 12 June a ____Riot
73%
Anthems usedDo You Hear The People Sing?
69%
On 1 July, this governmental building was stormedLegislative Council Building
69%
On 31 August, which station did riot police storm, which was often compared with the 21 July attacks?Prince Edward Station
69%
Slogan used: Liberate Hong Kong, __________ of our timesRevolution
67%
Walls posted with sticky notes that "blossomed everywhere" (Hint: a famous musician)Lennon Walls
65%
The two major praxisBe water
51%
Anthems usedGlory to Hong Kong
51%
On 6 August, the chairman of a university student union was arrested for carrying what kind of suspected flashing "weapons"?Laser pointers
47%
Anthems usedSing Hallelujah to the Lord
45%
The five demands put forward by protestersFull withdrawal of the bill
39%
Where did the first anti-bill protest in the New Territories happen?Sha Tin/New Town Plaza
39%
The five demands put forward by protestersResignation of Carrie Lam and implementation of universal suffrage in Chief Executive elections
35%
Despite the concession above, about this many people attended the march held the day after (according to organizers)Two million (plus one)
33%
On which date in August did a city-wide general strike occur?5 August
31%
On which date did the Chief Executive "indefinitely suspend" the bill?15 June
27%
The two major sects among protestersPeaceful, rational and non-violent
24%
What was the human chain protest held on 23 August called? (Hint: it took inspiration from the Baltic Way)The Hong Kong Way
24%
The two major sects among protestorsFighters/Radical
22%
The five demands put forward by protestersRetraction of "riot" characterization
18%
The five demands put forward by protestersEstablish an independent commission of inquiry to investigate police misbehaviour
12%
The five demands put forward by protestersRelease of arrested protesters and activists
8%
The two major praxisDo Not Split
6%

Score Distribution

Percentile by Number Answered

Percent of People with Each Score

Your Score History

You have not taken this quiz